000 02662cam a22007217a 4500
001 10572934
003 LIBRIS
005 20260414105350.0
008 071016s2007 xxka 000 0 eng c
020 _a9780415363266
020 _a0415363268
040 _aTa
_cn
082 0 4 _a720.28 L924 2007
_223/swe
084 _aIc:d
_2kssb/7
084 _aPpac
_2kssb/7
245 0 0 _aMaterial matters :
_barchitecture and material practice /
_cedited by Katie Lloyd Thomas
260 _aLondon :
_bRoutledge ,
_ccop. 2007
300 _a262 s. :
_bill.
650 7 _aArkitekturteori
_2sao
_0139858
650 7 _aByggnadsmaterial
_2sao
_0141888
650 0 _aArchitecture
_xPhilosophy
650 0 _aBuilding materials
653 _aArkitekturteori
653 _aByggnadsmaterial
653 _aMaterial (Arkitektur)
700 1 _aThomas, Katie Lloyd
_4edt
942 _2ddc
_cBK-EN
_n0
999 _c8873
_d8873